000 00247nam a2200109Ia 4500
008 190216s9999||||xx |||||||||||||| ||und||
100 _aMaman Mapila
245 0 _aMaman Mapila Oru Padanam
260 _bIup Books
650 _aPadanam
942 _cBK
999 _c25180
_d25180